Lexicón de literatura infantil juvenil
Guardat en:
| Autor principal: | |
|---|---|
| Altres autors: | |
| Format: | Llibre |
| Idioma: | espanyol |
| Publicat: |
Buenos Aires
Plus Ultra
1979
|
| Col·lecció: | Comunicación
|
| Matèries: | |
| Etiquetes: |
Afegir etiqueta
Sense etiquetes, Sigues el primer a etiquetar aquest registre!
|
MARC
| LEADER | 00000nam a2200000 a 4500 | ||
|---|---|---|---|
| 001 | UCW3742 | ||
| 003 | CL-VaPUC | ||
| 005 | 20250107120431.0 | ||
| 008 | 890106e19790000AG |||||||||||||||||spa|d | ||
| 999 | |c 217644 |d 217642 | ||
| 040 | |c Pontificia Universidad Católica de Valparaíso | ||
| 082 | 0 | 4 | |a 803.068 |b NER |2 21 |
| 100 | |a Nervi, Juan Ricardo |e autor |9 308097 | ||
| 245 | 1 | 0 | |a Lexicón de literatura infantil juvenil |
| 260 | |a Buenos Aires |b Plus Ultra |c 1979 | ||
| 300 | |a 348 p | ||
| 490 | 0 | |a Comunicación | |
| 583 | |a last modification |c 19890106 00:00:00 |k Rodrigo Vera | ||
| 650 | 0 | |a Literatura infantil |9 307465 |x Autores |v Biografías | |
| 650 | 0 | |a Diccionarios |9 256200 | |
| 650 | 0 | |a Español |9 255372 | |
| 700 | |a Pardo Belgrano, María Ruth |e autora |9 308098 | ||
| 942 | |c BK |2 ddc | ||
| 945 | |d 19890106 00:00:00 | ||
| 952 | |0 0 |1 0 |4 0 |6 803_068000000000000_NER_1979 |7 0 |8 X |9 205619 |a BIBEDU |b BIBEDU |d 2019-11-15 |i 273592K |o 803.068 NER 1979 |p 273592K |r 2023-01-13 |w 2019-11-15 |y BK_X |k EDU | ||
| 952 | |0 0 |1 0 |4 0 |6 803_068000000000000_NER_1979 |7 0 |8 X |9 205620 |a BIBEDU |b BIBEDU |d 2019-11-15 |i 2735938 |o 803.068 NER 1979 |p 2735938 |r 2023-01-13 |w 2019-11-15 |y BK_X |k EDU | ||